| 000 | 00798nam a2200193Ii 4500 | ||
|---|---|---|---|
| 003 | JO-AjNU | ||
| 008 | 230605s9999||||xx |||||||||||||| ||und|| | ||
| 040 |
_aJO-AjNU _bara _erda _cJO-AjNU |
||
| 041 | _aara | ||
| 050 | 1 | 4 | _aJC571.1999 |
| 100 | 3 |
_aالسعيد ، كامل وآخرون ، حرب ،ابراهيم ، حمدان ،حسين, _eauthor _947086 |
|
| 245 | 0 | 0 | _aاعمال المؤتمر العلمي الأول لحقوق الإنسان بمناسبة مرور واحد وخمسين عاما على صدور الإعلان العالمي لحقوق الإنسان |
| 250 | _a(د،ط) | ||
| 300 | _a293ص | ||
| 336 |
_atext _btxt _2rdacontent |
||
| 337 |
_aunmediated _bn _2rdamedia |
||
| 338 |
_avolume _bnc _2rdacarrier |
||
| 650 | 4 |
_aحقوق الانسان -- مؤتمرات _947087 |
|
| 999 |
_aA20530 _c24098 _d24098 |
||